书目信息 |
| 书名: | Quantum Optics | |
| 作者: | by M.Orszsg. | |
| 分册号: | ||
| 分册名: | 出版地: | 北京 : |
|
| 出版社: | 科学出版社 | |
| 出版时间: | 2007. | |
| 页数: | 359 p. ; | |
| 开本: | 22cm. | |
| 丛书名: | 国外物理名著系列(影印版) | |
| 中图分类号: | ||
| 科图分类号: | ||
| 其他分类号: | O431.2 | |
| 主题词: | ||
| 电子资源: | ||
| 000 | 00642nam 2200193 a 4500 | |
| 001 | E0835305269 | |
| 005 | 20080422095209.28 | |
| 008 | 080422s2007 00010 eng | |
| 020 | @a978-7-03-018789-5 :@cCNY58.00. | |
| 040 | @aPFT@bchi | |
| 041 | @aeng@heng | |
| 090 | @aO431.2 | |
| 099 | @dO431.2@ex11 | |
| 245 | @aQuantum Optics :@bIncluding Noise Reduction,trapped Ions,Quantum Trajectories,and Decoherence / @cby M.Orszsg. | |
| 246 | @a量子光学@b降噪,囚禁离子,量子轨道和退相干 | |
| 250 | @a本书英文版由德国施普林格出版公司授权出版. | |
| 260 | @a北京 :@b科学出版社,@c2007. | |
| 300 | @a359 p. ;@c22cm. | |
| 440 | @a国外物理名著系列(影印版)@n1 | |
| Quantum Optics : : Including Noise Reduction,trapped Ions,Quantum Trajectories,and Decoherence / / by M.Orszsg.-本书英文版由德国施普林格出版公司授权出版.-北京 : : 科学出版社, , 2007. |
| 359 p. ; ; 22cm.- (国外物理名著系列(影印版) 1) |
| ISBN 978-7-03-018789-5 :CNY58.00. |
| ● |
| 相关链接 |
|
|
|
|
正题名:Quantum Optics
索取号:O431.2/x11
 
预约/预借
| 序号 | 登录号 | 条形码 | 馆藏地/架位号 | 状态 | 备注 |
| 1 | 0017653 | 300176538 | 第二样本阅览室/ [索取号:O431.2/x11] | 在馆 | |
| 2 | 0017654 | 300176547 | 第四借阅区/ [索取号:O431.2/x11] | 在馆 | |
| 3 | 0017655 | 300176556 | 第四借阅区/ [索取号:O431.2/x11] | 在馆 | |
| 4 | 0017656 | 300176565 | 第四借阅区/ [索取号:O431.2/x11] | 在馆 |